| 000 | 00599nam a2200205 a 4500 | ||
|---|---|---|---|
| 005 | 20230510063531.0 | ||
| 008 | 991125s1988 mx 000 0 spa u | ||
| 020 | _a9686173129 (v.1) | ||
| 020 | _a9686173145 (v.2) | ||
| 035 | _aUPN01000005277 | ||
| 049 | _aSEP | ||
| 050 | 4 |
_aF1249 _bB33 |
|
| 245 | 0 | 0 |
_aBaja California / _ccomp. Miguel Mathes. |
| 260 |
_aMéxico : _bGobierno del Estado de Baja California : _bInstituto Mora, _c1988. |
||
| 300 | _a2 v. | ||
| 440 | 0 | _aTextos de su historia | |
| 651 | 7 |
_aBaja California _xHistoria _2 _97454 |
|
| 700 | 1 |
_aMathes, Miguel, _ecomp. |
|
| 905 | _aLibro | ||
| 999 |
_c5277 _d5277 |
||